The lost Politburo transcripts : (Record no. 171705)

MARC details
000 -LEADER
fixed length control field 01037cam a22002654a 4500
001 - CONTROL NUMBER
control field 223871593
003 - CONTROL NUMBER IDENTIFIER
control field OSt
005 - DATE AND TIME OF LATEST TRANSACTION
control field 20250428154101.0
008 - FIXED-LENGTH DATA ELEMENTS--GENERAL INFORMATION
fixed length control field 080603s2008 ctua b 001 0 eng
020 ## - INTERNATIONAL STANDARD BOOK NUMBER
International Standard Book Number 9780300209082 (paperback)
040 ## - CATALOGING SOURCE
Original cataloging agency DLC
Language of cataloging eng
Transcribing agency DLC
Modifying agency NUST
Description conventions rda
050 00 - LIBRARY OF CONGRESS CALL NUMBER
Classification number JN6598.K7 LOS
245 04 - TITLE STATEMENT
Title The lost Politburo transcripts :
Remainder of title from collective rule to Stalin's dictatorship /
Statement of responsibility, etc. edited by Paul R Gregory and Norman Naimark.
260 ## - PUBLICATION, DISTRIBUTION, ETC.
Place of publication, distribution, etc. New Haven :
Name of publisher, distributor, etc. Yale University Press,
Date of publication, distribution, etc. 2008.
300 ## - PHYSICAL DESCRIPTION
Extent viii, 271 pages :
Other physical details Illustrations ;
Dimensions 25 cm.
336 ## - CONTENT TYPE
Content type term text
Content type code txt
Source rdacontent
337 ## - MEDIA TYPE
Media type term unmediated
Media type code n
Source rdamedia
338 ## - CARRIER TYPE
Carrier type term volume
Carrier type code nc
Source rdacarrier
504 ## - BIBLIOGRAPHY, ETC. NOTE
Bibliography, etc. note Includes bibliographical references and index.
650 ## - SUBJECT ADDED ENTRY--TOPICAL TERM
Form subdivision T︠S︡K KPSS. Politbi︠u︡ro -- History -- Sources.
650 ## - SUBJECT ADDED ENTRY--TOPICAL TERM
Form subdivision Soviet Union -- Politics and government -- 1917-1936 -- Sources.
700 1# - ADDED ENTRY--PERSONAL NAME
Personal name Gregory, Paul R
Relator term Editor
700 1# - ADDED ENTRY--PERSONAL NAME
Personal name Naimark, Norman M
Relator term Editor
942 ## - ADDED ENTRY ELEMENTS (KOHA)
Source of classification or shelving scheme Library of Congress Classification
Koha item type Ordinary Loan Books
Classification part JN6598.K7 LOS
Call number prefix JN
Call number suffix LOS
Suppress in OPAC No
Holdings
Withdrawn status Lost status Source of classification or shelving scheme Damaged status Not for loan Collection Home library Current library Shelving location Date acquired Source of acquisition Cost, normal purchase price Total Checkouts Full call number Barcode Date last seen Accession number Cost, replacement price Price effective from Koha item type Public note
    LCC     NFIC MAIN MAIN GEN 04/28/2025 Book Aid International 23.00   JN6598.K7 LOS 92004054884 04/28/2025 61415 23.00 04/28/2025 BOOKS Donation